000 01321nam a22002537a 4500
003 NALT
005 20251125233000.0
008 s2547 th tha d
020 _a9747233789
040 _aNALT
041 _atha
050 _aHN 700.55.Z9S65
_bช432ม 2547
100 0 _aชัยวัฒน์ ถิระพันธุ์
_931231
245 1 0 _aมองอนาคตการเมืองไทยกับทิศทางประชาธิปไตยโลก :
_b บทวิเคราะห์ว่าด้วยประชาสังคมกับการเมืองภาคประชาสังคมผ่านวิธีคิดเชิงกระบวนระบบ /
_cชัยวัฒน์ ถิระพันธุ์.
260 _aกรุงเทพฯ :
_bสำนักวิจัยสังคมและสุขภาพ,
_c2547
300 _a116 หน้า ;
_c21 ซม.
650 0 4 _aขบวนการสังคม
650 0 4 _aการเคลื่อนไหวทางสังคม
650 0 4 _aประชาสังคม
850 _aNALT
856 4 0 _uhttps://hdl.handle.net/20.500.14156/336725
942 _cGB
_2lcc
999 _c47237
_d47237
998 _j109
_k อารีรัตน์ วิชาช่าง